[Event "IX Festival Ducale A"]
[Site "Genova ITA"]
[Date "2001.11.19"]
[Round "1"]
[White "Caporale, Giuseppe Guido"]
[Black "Efimov, Igor"]
[Result "0-1"]
[WhiteElo "1949"]
[BlackElo "2467"]
[PlyCount "84"]
[EventDate "2001.11.19"]

1. e4 c5 2. Nf3 e6 3. d4 cxd4 4. Nxd4 Nf6 5. Bd3 Nc6 6. Nxc6 bxc6 7. O-O d5 8.
Nd2 Be7 9. Qe2 O-O 10. b3 Nd7 11. Bb2 Nc5 12. Rac1 a5 13. Qe3 Bd6 14. Be2 f5
15. e5 Be7 16. Rfd1 Nd7 17. c4 Bc5 18. Bd4 Bxd4 19. Qxd4 c5 20. Qb2 d4 21. f4
g5 22. Nf3 g4 23. Ne1 Bb7 24. Nd3 Rf7 25. Qd2 Qc7 26. Bf1 g3 27. h3 Nf8 28. Be2
Ng6 29. Ne1 Nh4 30. Nf3 Bxf3 31. Bxf3 Nxf3+ 32. gxf3 h5 33. h4 Rg7 34. Kg2 Qc6
35. Rh1 a4 36. Rh3 axb3 37. axb3 Ra3 38. Qb2 Qa8 39. Rc2 Rb7 40. Rxg3+ Kf7 41.
Kh2 Rbxb3 42. Rcg2 Rxb2 0-1

[Event "IX Festival Ducale A"]
[Site "Genova ITA"]
[Date "2001.11.19"]
[Round "1"]
[White "Fittante, Giuliana"]
[Black "Lazic, Miroljub"]
[Result "0-1"]
[WhiteElo "1884"]
[BlackElo "2449"]
[PlyCount "58"]
[EventDate "2001.11.19"]

1. d4 d5 2. c4 e6 3. Nc3 c6 4. Nf3 Nf6 5. Bg5 h6 6. Bh4 dxc4 7. a4 Bb4 8. e3 b5
9. axb5 cxb5 10. Be2 Bb7 11. Qc2 a6 12. O-O Nbd7 13. Ne5 Be7 14. Bf3 Bxf3 15.
Nxf3 Nd5 16. Bxe7 Nxe7 17. Qe4 O-O 18. Qb7 Qc8 19. Qxc8 Rfxc8 20. Ra2 Nc6 21.
Rd1 Nb6 22. e4 Rd8 23. Raa1 Nb4 24. Rd2 f6 25. g3 Kf7 26. Ra3 e5 27. d5 Nd7 28.
Ne1 Nc5 29. f3 Nb3 0-1

[Event "IX Festival Ducale A"]
[Site "Genova ITA"]
[Date "2001.11.19"]
[Round "1"]
[White "Isonzo, David"]
[Black "Beccaris, Gabriele"]
[Result "1-0"]
[WhiteElo "2343"]
[BlackElo "1833"]
[PlyCount "45"]
[EventDate "2001.11.19"]

1. e4 c5 2. Nf3 a6 3. c3 d5 4. exd5 Qxd5 5. d4 e6 6. Bd3 Nf6 7. O-O Be7 8. Re1
O-O 9. Bg5 Nc6 10. c4 Qd8 11. dxc5 Qa5 12. Nc3 Qxc5 13. a3 Ng4 14. Ne4 Qb6 15.
Bxe7 Nxe7 16. Qd2 Ng6 17. h3 N4e5 18. Nxe5 Nxe5 19. Nf6+ gxf6 20. Rxe5 f5 21.
Qg5+ Kh8 22. Qf6+ Kg8 23. Rxf5 1-0

[Event "IX Festival Ducale A"]
[Site "Genova ITA"]
[Date "2001.11.19"]
[Round "1"]
[White "Miatello, Alberto"]
[Black "De Santis, Alessio"]
[Result "0-1"]
[WhiteElo "1845"]
[BlackElo "2345"]
[PlyCount "96"]
[EventDate "2001.11.19"]

1. e4 c5 2. Nf3 e6 3. d4 cxd4 4. Nxd4 a6 5. Bd3 Qc7 6. O-O Nf6 7. Qe2 h5 8. e5
Ng4 9. Bf4 Be7 10. Nd2 g5 11. Bg3 h4 12. Qxg4 hxg3 13. Qxg3 f5 14. Nc4 f4 15.
Bg6+ Kf8 16. Qc3 Rh6 17. Be4 Nc6 18. Nxc6 bxc6 19. Rad1 a5 20. Nd6 Ba6 21. Bd3
Bxd6 22. exd6 Qd8 23. Qe5 Qf6 24. Qxf6+ Rxf6 25. Rfe1 Bxd3 26. Rxd3 Rf5 27. c4
Rc5 28. b3 Kf7 29. g3 Kf6 30. g4 Rh8 31. Rc1 Rh7 32. f3 Re5 33. Rc2 Re1+ 34.
Kg2 c5 35. a3 Rb1 36. Re2 Rh8 37. Red2 Rb8 38. h4 gxh4 39. Kh3 R8xb3 40. Rxb3
Rxb3 41. Kxh4 Rxf3 42. Rg2 Rxa3 43. g5+ Kg6 44. Rf2 Kf5 45. g6 Rg3 46. Ra2 Rxg6
47. Kh3 e5 48. Rxa5 f3 0-1

[Event "IX Festival Ducale A"]
[Site "Genova ITA"]
[Date "2001.11.19"]
[Round "1"]
[White "Mrdja, Milan"]
[Black "Pagano, Sergio"]
[Result "1-0"]
[WhiteElo "2380"]
[BlackElo "1845"]
[PlyCount "37"]
[EventDate "2001.11.19"]

1. e4 c6 2. d4 d5 3. Nc3 dxe4 4. Nxe4 Nd7 5. Nf3 Ngf6 6. Nxf6+ Nxf6 7. Ne5 Bf5
8. c3 e6 9. g4 Be4 10. f3 Bg6 11. h4 Nd5 12. Qe2 Qa5 13. Bd2 Nc7 14. Nc4 Qd5
15. h5 Bb1 16. Ne3 Qxa2 17. Rxa2 Bxa2 18. Qd1 b5 19. b3 1-0

[Event "IX Festival Ducale A"]
[Site "Genova ITA"]
[Date "2001.11.19"]
[Round "1"]
[White "Strazzeri, Marco"]
[Black "Di Paolo, Raffaele"]
[Result "0-1"]
[WhiteElo "1819"]
[BlackElo "2326"]
[PlyCount "31"]
[EventDate "2001.11.19"]

1. e4 e6 2. d4 d5 3. Nd2 Nf6 4. e5 Nfd7 5. Bd3 c5 6. c3 Nc6 7. Ne2 cxd4 8. cxd4
f6 9. exf6 Nxf6 10. Nf3 Bd6 11. Nf4 O-O 12. O-O e5 13. dxe5 Nxe5 14. Ng5 Bb8
15. Re1 Qd6 16. Be4 0-1

[Event "IX Festival Ducale A"]
[Site "Genova ITA"]
[Date "2001.11.20"]
[Round "2"]
[White "Cantore, Alberto"]
[Black "Mrdja, Milan"]
[Result "0-1"]
[WhiteElo "2146"]
[BlackElo "2380"]
[PlyCount "80"]
[EventDate "2001.11.19"]

1. Nf3 c5 2. c4 Nc6 3. d4 cxd4 4. Nxd4 Nf6 5. Nc3 e6 6. g3 Bc5 7. Nb3 Be7 8.
Bg2 O-O 9. O-O d6 10. e4 Qc7 11. Nb5 Qb8 12. Bf4 Ne5 13. Qe2 Bd7 14. Rac1 Rc8
15. Rfd1 Rxc4 16. Bxe5 Bxb5 17. Rxc4 Bxc4 18. Qxc4 dxe5 19. Rc1 Bd6 20. Qb5 a6
21. Qd3 h6 22. Rd1 Ne8 23. Bf1 Qc7 24. Rc1 Qb6 25. Kg2 Rd8 26. Qe3 Qxe3 27.
fxe3 Kf8 28. Kf3 Ke7 29. Na5 Rd7 30. a3 f5 31. exf5 exf5 32. e4 fxe4+ 33. Kxe4
Bb8 34. Rc2 Nd6+ 35. Kf3 Bc7 36. Nb3 Bb6 37. Bh3 Rd8 38. Ke2 Rf8 39. Ke1 Rf3
40. Bg2 Rxb3 0-1

[Event "IX Festival Ducale A"]
[Site "Genova ITA"]
[Date "2001.11.20"]
[Round "2"]
[White "De Santis, Alessio"]
[Black "Astengo, Marcello"]
[Result "1-0"]
[WhiteElo "2345"]
[BlackElo "2076"]
[PlyCount "59"]
[EventDate "2001.11.19"]

1. d4 d5 2. c4 e6 3. Nc3 c6 4. g3 Nf6 5. Bg2 Nbd7 6. Nf3 Bd6 7. O-O O-O 8. Qc2
dxc4 9. Rd1 Qc7 10. Nd2 Nb6 11. a4 a5 12. e4 e5 13. dxe5 Bxe5 14. Ne2 Rd8 15.
Rf1 Bg4 16. f3 Be6 17. f4 Bd4+ 18. Nxd4 Rxd4 19. f5 Bd7 20. Ra3 c5 21. e5 Ng4
22. Nf3 Rd3 23. e6 Rxa3 24. exf7+ Kh8 25. bxa3 Bxa4 26. Qb1 Bb3 27. Ng5 h6 28.
f6 hxg5 29. Qg6 gxf6 30. Be4 1-0

[Event "IX Festival Ducale A"]
[Site "Genova ITA"]
[Date "2001.11.20"]
[Round "2"]
[White "Georgiev, Vladimir"]
[Black "Scalcione, Michelangelo"]
[Result "1-0"]
[WhiteElo "2564"]
[BlackElo "2292"]
[PlyCount "41"]
[EventDate "2001.11.19"]

1. d4 d6 2. e4 e5 3. Nf3 exd4 4. Nxd4 Nf6 5. Nc3 Be7 6. Be2 O-O 7. O-O Re8 8.
f4 Bf8 9. Bf3 c5 10. Nde2 Nc6 11. f5 d5 12. exd5 Nd4 13. Nxd4 cxd4 14. Qxd4
Bxf5 15. Bf4 Bxc2 16. Rac1 Qa5 17. d6 Qf5 18. Nd5 Bd3 19. Nxf6+ gxf6 20. Rc5
Qg6 21. Bh5 1-0

[Event "IX Festival Ducale A"]
[Site "Genova ITA"]
[Date "2001.11.20"]
[Round "2"]
[White "Massa, Giovanni"]
[Black "Laketic, Gojko"]
[Result "1/2-1/2"]
[WhiteElo "2109"]
[BlackElo "2452"]
[PlyCount "65"]
[EventDate "2001.11.19"]

1. e4 Nf6 2. e5 Nd5 3. d4 d6 4. Nf3 Bg4 5. Be2 e6 6. O-O Be7 7. c4 Nb6 8. Nc3
O-O 9. Be3 a5 10. exd6 cxd6 11. b3 d5 12. c5 Bxf3 13. Bxf3 Nc8 14. a3 Nc6 15.
b4 axb4 16. axb4 Rxa1 17. Qxa1 Bf6 18. Ne2 N8e7 19. b5 Na5 20. Ng3 g6 21. Be2
b6 22. c6 Nc8 23. Bd3 Nd6 24. Ne2 Re8 25. Bf4 Re7 26. Qc3 Ra7 27. Ra1 Be7 28.
Bxd6 Bxd6 29. g3 Re7 30. f4 f6 31. Rd1 Qf8 32. Rf1 Qh6 33. Kg2 1/2-1/2

[Event "IX Festival Ducale A"]
[Site "Genova ITA"]
[Date "2001.11.20"]
[Round "2"]
[White "Naumkin, Igor"]
[Black "Durdevic, Radoslav"]
[Result "1/2-1/2"]
[WhiteElo "2414"]
[BlackElo "2136"]
[PlyCount "103"]
[EventDate "2001.11.19"]

1. d4 d5 2. c4 e6 3. Nc3 c6 4. e3 Bd6 5. Nf3 f5 6. Bd3 Nf6 7. O-O O-O 8. b3 Ne4
9. Ne2 Nd7 10. Bb2 Qf6 11. Rc1 Qh6 12. Ne5 Ndf6 13. h3 Ng5 14. Nf4 Nge4 15. Be2
g6 16. Rc2 Qg7 17. Nfd3 Bd7 18. Qe1 Ng5 19. Nc5 Bc8 20. f3 Nf7 21. Ncd3 Nd7 22.
Qc3 Be7 23. Bd1 Ndxe5 24. dxe5 Rd8 25. g4 fxg4 26. hxg4 a5 27. f4 Qf8 28. c5
Bd7 29. f5 exf5 30. gxf5 d4 31. Qc4 Bxf5 32. Rxf5 gxf5 33. Rg2+ Kh8 34. e6 Ng5
35. Bxd4+ Rxd4 36. Qxd4+ Bf6 37. Qd6 Qxd6 38. cxd6 Nxe6 39. Nf4 Nxf4 40. exf4
Bd4+ 41. Kf1 Rd8 42. Rg5 Rxd6 43. Rxf5 Bc3 44. Be2 Rf6 45. Rxf6 Bxf6 46. a4 Kg7
47. Bg4 b5 48. axb5 cxb5 49. Bd7 b4 50. f5 Kh6 51. Kg2 Kg5 52. Kh1 1/2-1/2

[Event "IX Festival Ducale A"]
[Site "Genova ITA"]
[Date "2001.11.21"]
[Round "3"]
[White "Chatalbashev, Boris"]
[Black "De Santis, Alessio"]
[Result "1/2-1/2"]
[WhiteElo "2526"]
[BlackElo "2345"]
[PlyCount "47"]
[EventDate "2001.11.19"]

1. d4 f5 2. g3 Nf6 3. Bg2 g6 4. Nh3 Bg7 5. Nf4 c6 6. h4 d6 7. Nc3 e5 8. dxe5
dxe5 9. Qxd8+ Kxd8 10. Nd3 Nbd7 11. e4 Re8 12. h5 Nxh5 13. exf5 e4 14. Nf4 Nxf4
15. Bxf4 gxf5 16. Rxh7 Re7 17. O-O-O Ke8 18. Bd6 Rf7 19. Rh4 Nf6 20. f3 exf3
21. Bxf3 Be6 22. Bc5 Rd7 23. Re1 Kf7 24. Ne2 1/2-1/2

[Event "IX Festival Ducale A"]
[Site "Genova ITA"]
[Date "2001.11.21"]
[Round "3"]
[White "Dergatchov, Alexander"]
[Black "Naumkin, Igor"]
[Result "0-1"]
[WhiteElo "2083"]
[BlackElo "2414"]
[PlyCount "34"]
[EventDate "2001.11.19"]

1. e4 e5 2. Nf3 Nc6 3. Nc3 Nf6 4. Bc4 Nxe4 5. Nxe4 d5 6. Bb5 dxe4 7. Nxe5 Qd5
8. Bxc6+ bxc6 9. Ng4 f5 10. Ne3 Qe6 11. g3 Be7 12. d3 O-O 13. O-O f4 14. Ng2 f3
15. Ne3 Qh3 16. dxe4 Rf6 17. Re1 Bg4 0-1

[Event "IX Festival Ducale A"]
[Site "Genova ITA"]
[Date "2001.11.21"]
[Round "3"]
[White "Durdevic, Radoslav"]
[Black "Massa, Giovanni"]
[Result "1-0"]
[WhiteElo "2136"]
[BlackElo "2109"]
[PlyCount "69"]
[EventDate "2001.11.19"]

1. e4 c5 2. Nf3 e6 3. d4 cxd4 4. Nxd4 Nf6 5. Nc3 d6 6. Be3 a6 7. a4 Be7 8. Be2
Nc6 9. O-O O-O 10. Kh1 Qc7 11. f4 Re8 12. Nb3 b6 13. Qd2 Bb7 14. Bf3 Rac8 15.
Qf2 Nd7 16. Nd4 Nxd4 17. Bxd4 e5 18. fxe5 dxe5 19. Be3 Rcd8 20. Bh5 Bf6 21.
Rad1 Nc5 22. Rxd8 Rxd8 23. a5 Rc8 24. Bg4 Ne6 25. Bxe6 fxe6 26. Bxb6 Qc4 27.
Qf3 Qb4 28. Rb1 Rc4 29. Qd3 Bxe4 30. Nxe4 Rxe4 31. Qxa6 Re1+ 32. Rxe1 Qxe1+ 33.
Bg1 Bh4 34. Qxe6+ Kf8 35. a6 1-0

[Event "IX Festival Ducale A"]
[Site "Genova ITA"]
[Date "2001.11.21"]
[Round "3"]
[White "Fittante, Giuliana"]
[Black "Caoili, Arianne"]
[Result "0-1"]
[WhiteElo "1884"]
[BlackElo "2257"]
[PlyCount "52"]
[EventDate "2001.11.19"]

1. d4 Nf6 2. Nf3 d5 3. e3 Bg4 4. Nbd2 e6 5. Bd3 c5 6. c3 Nc6 7. Qa4 Bxf3 8.
Nxf3 Bd6 9. Ne5 Bxe5 10. dxe5 Nd7 11. f4 c4 12. Be2 O-O 13. O-O f6 14. Bg4 Nc5
15. Qb5 Qe7 16. b4 Ne4 17. exf6 gxf6 18. Bb2 f5 19. Be2 a5 20. a3 Qc7 21. Rad1
a4 22. Rxd5 exd5 23. Qxd5+ Qf7 24. Qb5 Nd6 25. Qc5 Rfd8 26. b5 Ra5 0-1

[Event "IX Festival Ducale A"]
[Site "Genova ITA"]
[Date "2001.11.21"]
[Round "3"]
[White "Laketic, Gojko"]
[Black "Forno, Roberto"]
[Result "1-0"]
[WhiteElo "2452"]
[BlackElo "1705"]
[PlyCount "75"]
[EventDate "2001.11.19"]

1. d4 e6 2. c4 Nf6 3. Nf3 d5 4. Bg5 dxc4 5. Qa4+ Nbd7 6. Nc3 Be7 7. e4 O-O 8.
Bxc4 a6 9. e5 b5 10. Bxb5 Nb6 11. exf6 gxf6 12. Qc2 axb5 13. Bh6 Re8 14. Nxb5
Ba6 15. Qxc7 Bb4+ 16. Nd2 Bxd2+ 17. Kxd2 e5 18. Qxd8 Rexd8 19. Nc7 Rxd4+ 20.
Ke1 Ra7 21. Nxa6 Rxa6 22. h4 f5 23. Rh3 f4 24. Rb3 Nd7 25. Bg5 Rg6 26. Be7 Rxg2
27. Kf1 Rg6 28. a4 e4 29. a5 f3 30. a6 Rxa6 31. Rba3 Re6 32. Bg5 Red6 33. Ke1
Nc5 34. Be7 Nd3+ 35. Kf1 Rd7 36. Bf6 h6 37. Ra8+ Kh7 38. h5 1-0

[Event "IX Festival Ducale A"]
[Site "Genova ITA"]
[Date "2001.11.22"]
[Round "4"]
[White "De Santis, Alessio"]
[Black "Laketic, Gojko"]
[Result "0-1"]
[WhiteElo "2345"]
[BlackElo "2452"]
[PlyCount "66"]
[EventDate "2001.11.19"]

1. d4 Nf6 2. c4 e6 3. Nc3 c5 4. d5 exd5 5. cxd5 d6 6. e4 g6 7. f4 Bg7 8. Bb5+
Nfd7 9. Be2 Qh4+ 10. g3 Qe7 11. Nf3 O-O 12. O-O a6 13. a4 Re8 14. Ra3 Qd8 15.
h4 b6 16. h5 gxh5 17. Nh4 Bd4+ 18. Kg2 Nf6 19. Bxh5 Nxe4 20. Nxe4 Rxe4 21. Qc2
Qe8 22. Rh1 Ra7 23. Bf3 Rae7 24. Bxe4 Rxe4 25. Kf3 Re2 26. Qxe2 Bg4+ 27. Kxg4
Qxe2+ 28. Nf3 Nd7 29. Re1 Qg2 30. Rd3 Nf6+ 31. Kg5 Kg7 32. g4 h6+ 33. Kh4 Bf2#
0-1

[Event "IX Festival Ducale A"]
[Site "Genova ITA"]
[Date "2001.11.22"]
[Round "4"]
[White "Lazic, Miroljub"]
[Black "Durdevic, Radoslav"]
[Result "1-0"]
[WhiteElo "2449"]
[BlackElo "2136"]
[PlyCount "55"]
[EventDate "2001.11.19"]

1. Nf3 Nf6 2. b3 b6 3. Bb2 Bb7 4. e3 e6 5. Be2 Be7 6. O-O O-O 7. c4 c5 8. d4
cxd4 9. Nxd4 d5 10. Bf3 Ne4 11. Qc2 Nd7 12. cxd5 exd5 13. Nc6 Rc8 14. Nxe7+
Qxe7 15. Qd1 Rfd8 16. Na3 a6 17. Nc2 Ne5 18. Bxe5 Qxe5 19. Nd4 f5 20. Bxe4 dxe4
21. Rc1 f4 22. Qg4 Rxc1 23. Rxc1 fxe3 24. fxe3 Bd5 25. Rc8 Qf6 26. Qd7 Rxc8 27.
Qxc8+ Kf7 28. Qd7+ 1-0

[Event "IX Festival Ducale A"]
[Site "Genova ITA"]
[Date "2001.11.22"]
[Round "4"]
[White "Massa, Giovanni"]
[Black "Bonani, Georg"]
[Result "1-0"]
[WhiteElo "2109"]
[BlackElo "1734"]
[PlyCount "65"]
[EventDate "2001.11.19"]

1. e4 e5 2. Nf3 Nc6 3. Bb5 a6 4. Ba4 Nf6 5. O-O Be7 6. Re1 b5 7. Bb3 O-O 8. c3
d5 9. exd5 Nxd5 10. Nxe5 Nxe5 11. Rxe5 c6 12. d4 Bd6 13. Re1 Qh4 14. g3 Qh3 15.
Be3 Bg4 16. Qd3 Rae8 17. Nd2 f5 18. Qf1 Qh5 19. f4 Re6 20. Bxd5 cxd5 21. Qg2
Rfe8 22. Qxd5 Kh8 23. Bf2 Qf7 24. Rxe6 Rxe6 25. Qa8+ Re8 26. Qc6 Re2 27. Nf1
Bc7 28. Re1 g5 29. Rxe2 Bxe2 30. fxg5 f4 31. Qf6+ Qxf6 32. gxf6 fxg3 33. Bxg3
1-0

[Event "IX Festival Ducale A"]
[Site "Genova ITA"]
[Date "2001.11.22"]
[Round "4"]
[White "Paragua, Mark"]
[Black "Di Paolo, Raffaele"]
[Result "1/2-1/2"]
[WhiteElo "2447"]
[BlackElo "2326"]
[PlyCount "116"]
[EventDate "2001.11.19"]

1. e4 e6 2. d3 d5 3. Qe2 Ne7 4. Nf3 g6 5. g3 Bg7 6. Bg2 c5 7. h4 h6 8. c3 b6 9.
e5 Nbc6 10. O-O Qc7 11. Re1 Ba6 12. a3 c4 13. dxc4 Bxc4 14. Qe3 Nf5 15. Qf4
O-O-O 16. Nbd2 g5 17. hxg5 hxg5 18. Nxg5 Bxe5 19. Qg4 Nh6 20. Qd1 Bxg3 21. fxg3
Qxg3 22. Nf1 Bxf1 23. Rxf1 Rdg8 24. Qa4 Qc7 25. Bf4 e5 26. Bd2 Rg6 27. Rf2 Rhg8
28. Raf1 f5 29. Bxd5 f4 30. Bxg8 Rxg5+ 31. Rg2 Rxg8 32. Rxg8+ Nxg8 33. Qc4 Qg7+
34. Kf2 Qg3+ 35. Ke2 Qg4+ 36. Ke1 Nge7 37. b4 Kd7 38. Qe4 Ke6 39. Rh1 Qg6 40.
Qxg6+ Nxg6 41. c4 Nd4 42. a4 e4 43. Bc3 Nc2+ 44. Ke2 f3+ 45. Kd2 Na3 46. Ke3
Kf5 47. c5 bxc5 48. Rh5+ Kg4 49. Rxc5 Nh4 50. Bf6 Nf5+ 51. Kxe4 Nc4 52. Bd4
Nd2+ 53. Kd3 Nxd4 54. Ke3 f2 55. Kxf2 Ne4+ 56. Ke3 Nxc5 57. Kxd4 Nxa4 58. Kd5
Kf5 1/2-1/2

[Event "IX Festival Ducale A"]
[Site "Genova ITA"]
[Date "2001.11.22"]
[Round "4"]
[White "Squarci, Franco"]
[Black "Nelli, Luca"]
[Result "0-1"]
[WhiteElo "2030"]
[BlackElo "2155"]
[PlyCount "58"]
[EventDate "2001.11.19"]

1. d4 Nf6 2. Nf3 c5 3. c3 b6 4. g3 Bb7 5. Bg2 g6 6. O-O Bg7 7. Nbd2 Qc7 8. Re1
cxd4 9. cxd4 Na6 10. a3 Rc8 11. e3 O-O 12. Nb1 Ne4 13. Bd2 Qc2 14. Qxc2 Rxc2
15. b4 Rfc8 16. Rd1 Bd5 17. Be1 Rb2 18. Nbd2 Nc3 19. Bf1 Bb7 20. Rdc1 b5 21.
Bd3 d6 22. Kf1 d5 23. Ng1 e5 24. dxe5 Bxe5 25. Ndf3 Bf6 26. Nd4 Bxd4 27. exd4
Ne4 28. Rxc8+ Bxc8 29. Bxe4 dxe4 0-1

[Event "IX Festival Ducale A"]
[Site "Genova ITA"]
[Date "2001.11.22"]
[Round "4"]
[White "Straub, Peter"]
[Black "Tedeschi, Paolo"]
[Result "1-0"]
[WhiteElo "2087"]
[BlackElo "2168"]
[PlyCount "79"]
[EventDate "2001.11.19"]

1. e4 c6 2. d3 d5 3. Nd2 e5 4. Ngf3 Bd6 5. g3 Bg4 6. h3 Be6 7. Bg2 Nd7 8. Qe2
f6 9. exd5 cxd5 10. Nd4 Bf7 11. Nf5 Bf8 12. c4 g6 13. Ne3 Nb6 14. d4 Bg7 15. c5
Nc8 16. Qb5+ Qd7 17. Nxd5 Bxd5 18. Qxd7+ Kxd7 19. Bxd5 exd4 20. Bxb7 Rb8 21.
c6+ Kc7 22. Nb3 Nd6 23. Bf4 f5 24. O-O Ne7 25. Nc5 Nxc6 26. Na6+ Kxb7 27. Nxb8
Rxb8 28. Bxd6 Rd8 29. Bf4 Rd7 30. Rfd1 Kb6 31. Rac1 Kb5 32. Rd3 a5 33. a3 a4
34. b3 axb3 35. Rxb3+ Ka4 36. Rd3 Na5 37. Rb1 Nb7 38. Bd2 Nc5 39. Rb4+ Ka5 40.
Rbxd4+ 1-0

[Event "IX Festival Ducale A"]
[Site "Genova ITA"]
[Date "2001.11.22"]
[Round "5"]
[White "Caoili, Arianne"]
[Black "Lazic, Miroljub"]
[Result "0-1"]
[WhiteElo "2257"]
[BlackElo "2449"]
[PlyCount "108"]
[EventDate "2001.11.19"]

1. d4 d6 2. c4 e5 3. dxe5 dxe5 4. Qxd8+ Kxd8 5. Nf3 f6 6. Nc3 c6 7. g3 Kc7 8.
Bg2 Be6 9. b3 Nd7 10. Bb2 Ne7 11. h3 Nc8 12. O-O-O Ncb6 13. h4 h5 14. Bh3 Bxh3
15. Rxh3 a5 16. Rhh1 Nc5 17. Ne1 a4 18. Kc2 axb3+ 19. axb3 Be7 20. Nd3 Nbd7 21.
Nxc5 Nxc5 22. Ra1 Na6 23. Rad1 Rhd8 24. Rxd8 Rxd8 25. Ne4 Kd7 26. Rd1+ Ke6 27.
Rxd8 Bxd8 28. Ba3 f5 29. Nc5+ Nxc5 30. Bxc5 f4 31. Kd3 Kf5 32. Bf8 e4+ 33. Kd2
g6 34. Bd6 Bb6 35. e3 f3 36. Bb4 Kg4 37. Ke1 Bc7 38. Kf1 Be5 39. Bd2 Kf5 40.
Ke1 Ke6 41. Bb4 Kd7 42. Kd1 Kc7 43. Kd2 Kb6 44. Kd1 Ka6 45. Be1 c5 46. b4 cxb4
47. Bxb4 b5 48. cxb5+ Kxb5 49. Be7 Bc3 50. Bg5 Kc4 51. Bf4 Kd5 52. Bg5 Ke6 53.
Bf4 Kf5 54. Bg5 Kg4 0-1

[Event "IX Festival Ducale A"]
[Site "Genova ITA"]
[Date "2001.11.22"]
[Round "5"]
[White "Chatalbashev, Boris"]
[Black "Molina, Fabrizio"]
[Result "1-0"]
[WhiteElo "2526"]
[BlackElo "2305"]
[PlyCount "65"]
[EventDate "2001.11.19"]

1. d4 e6 2. c4 d5 3. Nf3 c5 4. cxd5 exd5 5. Nc3 Nc6 6. Bg5 Be7 7. Bxe7 Ngxe7 8.
e3 c4 9. Be2 a6 10. O-O b5 11. e4 dxe4 12. Nxe4 O-O 13. a4 Bg4 14. axb5 axb5
15. Rxa8 Qxa8 16. h3 Bh5 17. Ng3 Bg6 18. Re1 Rd8 19. b3 Qa2 20. bxc4 bxc4 21.
Qc1 Bd3 22. Bxd3 cxd3 23. Qe3 Qc2 24. Nf5 Ng6 25. Qe4 Qc4 26. h4 h5 27. Kh2 Nb4
28. Ng5 Qc7+ 29. g3 Qc6 30. Ne7+ Nxe7 31. Qh7+ Kf8 32. Qh8+ Ng8 33. Qh7 1-0

[Event "IX Festival Ducale A"]
[Site "Genova ITA"]
[Date "2001.11.22"]
[Round "5"]
[White "Dergatchov, Alexander"]
[Black "Massa, Giovanni"]
[Result "1-0"]
[WhiteElo "2083"]
[BlackElo "2109"]
[PlyCount "89"]
[EventDate "2001.11.19"]

1. e4 c5 2. Nc3 e6 3. f4 d5 4. d3 Nc6 5. Nf3 dxe4 6. dxe4 Qxd1+ 7. Nxd1 Nf6 8.
Nf2 Be7 9. c3 O-O 10. Bd3 b6 11. g4 Bb7 12. g5 Nd7 13. Be3 Rfd8 14. O-O-O Rac8
15. h4 a6 16. Rh3 b5 17. h5 c4 18. Bc2 Bc5 19. Nd4 e5 20. Nxc6 Bxe3+ 21. Rxe3
Bxc6 22. f5 Nc5 23. Ng4 Rxd1+ 24. Kxd1 Nd7 25. Re2 Kf8 26. Rd2 Ke7 27. Ke1 Re8
28. Kf2 Kd8 29. Ke3 Kc7 30. Rf2 Kd6 31. b4 Bb7 32. h6 g6 33. fxg6 fxg6 34. Rf7
Re7 35. Rf2 Bc6 36. Bd1 Bb7 37. Nf6 Nxf6 38. Rxf6+ Re6 39. Rf8 Re7 40. Bg4 Bc6
41. Rd8+ Kc7 42. Rg8 Bb7 43. Rg7 Kd6 44. Bf5 gxf5 45. Rxe7 1-0

[Event "IX Festival Ducale A"]
[Site "Genova ITA"]
[Date "2001.11.22"]
[Round "5"]
[White "Isonzo, David"]
[Black "Cantore, Alberto"]
[Result "1-0"]
[WhiteElo "2343"]
[BlackElo "2146"]
[PlyCount "97"]
[EventDate "2001.11.19"]

1. e4 e5 2. Nf3 Nc6 3. Bb5 a6 4. Ba4 Nf6 5. O-O Be7 6. Re1 b5 7. Bb3 O-O 8. c3
d6 9. h3 Na5 10. Bc2 c5 11. d4 Qc7 12. Nbd2 cxd4 13. cxd4 Nc6 14. d5 Nb4 15.
Bb1 a5 16. a3 Na6 17. b4 Nd7 18. Bd3 axb4 19. axb4 Nxb4 20. Rxa8 Nxd3 21. Re3
Qxc1 22. Qxc1 Nxc1 23. Ra1 f5 24. Rxc1 Nb6 25. Rc6 fxe4 26. Rxb6 exf3 27. Rxf3
Rxf3 28. Nxf3 Kf7 29. Rxb5 h5 30. Nd2 Bf5 31. f3 g5 32. g4 hxg4 33. hxg4 Bd3
34. Rb6 Ke8 35. Ne4 Kd7 36. Rb7+ Ke8 37. Kf2 Bc4 38. Nc3 Bd3 39. Ke3 Bg6 40.
Ne4 Bf7 41. Rb5 Kd7 42. Kd3 Kc7 43. Kc4 Be8 44. Rb2 Kc8 45. Rh2 Ba4 46. Nc3 Bd7
47. Rh8+ Kc7 48. Rh7 Kd8 49. Nb5 1-0

[Event "IX Festival Ducale A"]
[Site "Genova ITA"]
[Date "2001.11.22"]
[Round "5"]
[White "Mrdja, Milan"]
[Black "Straub, Peter"]
[Result "1-0"]
[WhiteElo "2380"]
[BlackElo "2087"]
[PlyCount "54"]
[EventDate "2001.11.19"]

1. e4 c5 2. Nf3 e6 3. d4 cxd4 4. Nxd4 Qb6 5. Nb3 Nc6 6. Nc3 Nf6 7. Bd3 Bb4 8.
Bd2 a6 9. Qe2 Qc7 10. g4 O-O 11. g5 Ne8 12. f4 Be7 13. O-O-O Nb4 14. Kb1 Nxd3
15. cxd3 d6 16. Rc1 Qd8 17. h4 f6 18. Nd4 fxg5 19. hxg5 g6 20. Qh2 Rf7 21. f5
exf5 22. exf5 Bxf5 23. Nxf5 gxf5 24. g6 Rg7 25. gxh7+ Kh8 26. Nd5 Nf6 27. Bc3
Qf8 1-0

[Event "IX Festival Ducale A"]
[Site "Genova ITA"]
[Date "2001.11.22"]
[Round "5"]
[White "Nelli, Luca"]
[Black "Naumkin, Igor"]
[Result "0-1"]
[WhiteElo "2155"]
[BlackElo "2414"]
[PlyCount "64"]
[EventDate "2001.11.19"]

1. c4 e5 2. Nc3 Nf6 3. g3 Bb4 4. Bg2 O-O 5. Nf3 Nc6 6. O-O e4 7. Ne1 Bxc3 8.
dxc3 h6 9. Nc2 Re8 10. Ne3 d6 11. a4 a5 12. h3 Qe7 13. f4 exf3 14. exf3 Qe5 15.
Kh2 Qc5 16. Re1 Bd7 17. b3 Ne7 18. Ra2 Nf5 19. Nxf5 Qxf5 20. Be3 Bc6 21. Qc2
Qh5 22. g4 Qe5+ 23. f4 Qe7 24. Qd3 Nxg4+ 25. Kg1 Bxg2 26. Rxg2 Qh4 27. Qd2 Qxh3
28. Bd4 Qh4 29. Ree2 h5 30. f5 c5 31. Bf2 Qf6 32. Bg3 Qxf5 0-1

[Event "IX Festival Ducale A"]
[Site "Genova ITA"]
[Date "2001.11.22"]
[Round "5"]
[White "Scalcione, Michelangelo"]
[Black "Van Hoolandt, Patrick"]
[Result "1-0"]
[WhiteElo "2292"]
[BlackElo "2155"]
[PlyCount "73"]
[EventDate "2001.11.19"]

1. Nf3 Nf6 2. c4 e6 3. Nc3 b6 4. g3 Bb7 5. Bg2 Bb4 6. Qb3 a5 7. a3 Bxc3 8. Qxc3
a4 9. d3 d6 10. O-O O-O 11. e4 Nbd7 12. Bg5 Ra5 13. Rae1 Qa8 14. Bd2 Re8 15.
Qc2 Ra7 16. Nd4 c6 17. f4 Nf8 18. Bc3 Rd8 19. Bf3 Qc8 20. Qg2 Ne8 21. Qf2 Nc7
22. Nc2 c5 23. d4 Ba6 24. Ne3 f6 25. d5 b5 26. e5 dxe5 27. fxe5 fxe5 28. Bg4
Ng6 29. d6 Rf8 30. Qd2 Na8 31. d7 Qd8 32. Bxe6+ Kh8 33. Qd6 Nc7 34. Bf5 Ra8 35.
Ba5 Ne8 36. Qd2 Nf6 37. Bxd8 1-0

[Event "IX Festival Ducale A"]
[Site "Genova ITA"]
[Date "2001.11.22"]
[Round "5"]
[White "Strazzeri, Marco"]
[Black "Capata, Ion"]
[Result "1-0"]
[WhiteElo "1819"]
[BlackElo "2150"]
[PlyCount "109"]
[EventDate "2001.11.19"]

1. e4 e5 2. Nf3 Nc6 3. Bb5 a6 4. Bxc6 dxc6 5. O-O Bd6 6. d4 Bg4 7. dxe5 Bxf3 8.
Qxf3 Bxe5 9. Rd1 Qf6 10. c3 h6 11. Be3 Qxf3 12. gxf3 g5 13. Na3 Ne7 14. Nc4 Ng6
15. Nxe5 Nxe5 16. f4 Nc4 17. Rd4 Nxe3 18. fxe3 Ke7 19. Kf2 f6 20. Rad1 Rad8 21.
Rxd8 Rxd8 22. Rxd8 Kxd8 23. Kg3 h5 24. e5 Ke7 25. exf6+ Kxf6 26. fxg5+ Kxg5 27.
e4 h4+ 28. Kf3 c5 29. h3 c4 30. a3 c5 31. Ke3 b6 32. Kf3 b5 33. Ke3 a5 34. Kf3
a4 35. Ke3 Kf6 36. Kf4 b4 37. e5+ Ke7 38. Kf5 Kf7 39. e6+ Ke8 40. Kg5 Ke7 41.
Kxh4 Kxe6 42. Kg4 Ke5 43. Kf3 Kf5 44. h4 Ke5 45. h5 Kf5 46. h6 Kg6 47. Ke4 Kxh6
48. Kd5 bxc3 49. bxc3 Kg5 50. Kxc4 Kf6 51. Kxc5 Ke5 52. c4 Ke4 53. Kb5 Kd4 54.
c5 Kc3 55. Kxa4 1-0